| 000 | 00000nam 2200000zi 4500 |
| 001 | 9.951345 |
| 003 | CaOODSP |
| 005 | 20250526095034 |
| 006 | m o d f |
| 007 | cr mn |||||||| |
| 008 | 250526e20181219oncd obs f000 0 fre d |
| 040 | |aCaOODSP|bfre|erda|cCaOODSP |
| 043 | |an-cn--- |
| 086 | 1 |aCS82-003/2018-12-19-2F-PDF |
| 100 | 1 |aChaput, Jean-Philippe, |eauteur. |
| 245 | 10|aPrévalence de l’insomnie chez les Canadiens âgés de 6 à 79 ans / |cpar Jean-Philippe Chaput, Jessica Yau, Deepa P. Rao et Charles M. Morin. |
| 264 | 1|a[Ottawa] : |bStatistique Canada = Statistics Canada, |cle 19 décembre 2018. |
| 264 | 4|c©2018 |
| 300 | |a1 ressource en ligne (pages 17-22) : |bgraphiques. |
| 336 | |atexte|btxt|2rdacontent/fre |
| 337 | |ainformatique|bc|2rdamedia/fre |
| 338 | |aressource en ligne|bcr|2rdacarrier/fre |
| 490 | 1 |aRapports sur la santé, |x1209-1375 ; |vvol. 29, no. 12, [2] |
| 500 | |aTitre de la couverture. |
| 500 | |aPublié aussi en anglais sous le titre : Prevalence of insomnia for Canadians aged 6 to 79. |
| 504 | |aComprend des références bibliographiques (pages 21-22). |
| 520 | 3 |a« La présente étude vise à estimer la prévalence des symptômes nocturnes d’insomnie chez les Canadiens âgés de 6 à 79 ans et à examiner les tendances en la matière au fil du temps (de 2007 à 2015). Elle est basée sur 21 826 répondants ayant participé, de 2007 à 2015, à l’Enquête canadienne sur les mesures de la santé, une enquête transversale représentative de la population nationale. La durée et les symptômes nocturnes d’insomnie ont été autodéclarés. On a observé une augmentation de 42 % des symptômes nocturnes d’insomnie chez les adultes âgés de 18 ans et plus (passant de 16,8 % à 23,8 % ). La majorité des Canadiens présentant des symptômes d’insomnie ont déclaré avoir ces symptômes depuis plus d’un an. La présente étude a également révélé que les symptômes nocturnes d’insomnie étaient plus courants au sein des tranches d’âge supérieures, chez les femmes, chez les personnes issues de milieux socioéconomiques défavorisés et chez les personnes déclarant une mauvaise santé et une mauvaise qualité de vie. Des efforts pour établir des stratégies de prévention et d’intervention pourraient réduire le fardeau des symptômes d’insomnie au sein de la population canadienne » -- Résumé, page 17. |
| 650 | 6|aInsomnie|xAspect sanitaire|zCanada|vStatistiques. |
| 650 | 6|aSanté publique|xEnquêtes|zCanada|vStatistiques. |
| 655 | 7|aStatistiques|2rvmgf |
| 710 | 2 |aStatistique Canada, |eorganisme de publication. |
| 775 | 08|tPrevalence of insomnia for Canadians aged 6 to 79 / |w(CaOODSP)9.951341 |
| 830 | #0|aRapports sur la santé (Collection)|x1209-1375 ; |vvol. 29, no. 12, [2].|w(CaOODSP)9.950257 |
| 856 | 40|qPDF|s528 Ko|uhttps://publications.gc.ca/collections/collection_2025/statcan/82-003-x/CS82-003-2018-12-19-2-fra.pdf |
| 856 | 4 |qHTML|sS.O.|uhttps://www150.statcan.gc.ca/n1/pub/82-003-x/2018012/article/00002-fra.htm |
| 986 | |a82-003-X |